00363nam a2200097Ia 4500008004100000100002100041245007500062245004300137260000900180856007600189160531s9999 xx 000 0 und d aWoolf, Steven H. aU.S. Health in International Perspective: Shorter Lives, Poorer Health cby Steven H. Woolf, Laudan Aron (eds.) c2013 uhttp://www.ncbi.nlm.nih.gov/books/NBK115854/pdf/Bookshelf_NBK115854.pdf